| 000 | 01196cam a22003377a 4500 | ||
|---|---|---|---|
| 003 | CHAP | ||
| 005 | 20220329141613.0 | ||
| 008 | 971013s1911 r 00010 d | ||
| 010 | _a70853 | ||
| 011 | _a71825 | ||
| 035 | _a81379 | ||
| 040 | _cCHAP | ||
| 090 | _aFolleto 6108 | ||
| 100 | 0 | 0 |
_aCalvino, Mario. _917613 |
| 245 | 1 | 3 | _aLa alfalfa arbórea forraje perenne para los potreros; arbusto siempre verde para cercas resistentes a la sequía |
| 260 |
_aMéxico, D. F. : _bEstación Agrícola Central, _c1911 |
||
| 300 |
_a8 p. _b: ilus. |
||
| 490 | 0 |
_aEstación agrícola central. Circular _v; 44 |
|
| 590 |
_aBATCH-UPD _b10 _c20130110 _lUCH01 _h1310 |
||
| 590 |
_aBATCH-UPD _b10 _c20130410 _lUCH01 _h0824 |
||
| 590 |
_aBATCH-UPD _b10 _c20130914 _lUCH01 _h1901 |
||
| 590 |
_aCONVERSION _b10 _c20130109 _lUCH01 _h1339 |
||
| 650 | 1 | 4 |
_aAlfalfa como forraje. _93899 |
| 650 | 1 | 4 |
_aArbustos. _96713 |
| 830 | 0 |
_aEstación agrícola central. Circular _v; 44 _938202 |
|
| 901 | _aBK | ||
| 942 | _cFOLL | ||
| 949 |
_aFolleto 6108 _bBC _cBPP _d-34693 _eBPP _i81379 _mD _si |
||
| 949 |
_aFolleto 6108 _bBC _cBPP _d-34695 _eBPP _fc.2 _i81379 _mD _si |
||
| 949 |
_aFolleto 6108 _bBC _cBPP _d-34696 _eBPP _fc.3 _i81379 _mD _si |
||
| 999 |
_c70853 _d70853 |
||